LEADER 01853nam 2200421 450 001 000000381 005 20050718115000.0 100 $a--------d1917----km-y0itay0103----ba 101 0 $aita 102 $aIT 200 1 $a<> socialisti italiani e la guerra$eDiscorsi parlamentari dell'onorevole Ettore Ciccotti ripubblicati con una prefazione e un'appendice$fEttore Ciccotti 210 $aMilano$cSocietà Editoriale Italiana$d1917$gTipografia della Società Editoriale Italiana 215 $aXI, 63 p.$d18 cm 303 $a"Ultime novità librarie", dopo l'indice. 303 $aIn quarta di cop.: "Prezzo centesimi 60" 320 $aIndice alla fine del testo 327 $aPrefazione, p.V-IX. I. Tornata di giovedì 20 maggio 1915, p.1-7. II. Tornata di sabato 4 dicembre 1915, p.9-12. III. Tornata del 6 marzo 1916, p.13.-14. IV. Tornata di sabato 18 marzo 1916, p.15-50. V. Sincerità e metodi del Partito Socialista Ufficiale (Dalla Rivista Popolare - Anno XXII, n. 7), p.51-63. 606 $aSocialismo$yItalia$z1914-18 700 1$aCiccotti,$bEttore$083251 801 0$aIT$bUniversità della Basilicata - B.I.A.$gRICA$2unimarc 912 $a000000381 996 $aSocialisti italiani e la guerra$969606 997 $aUNIBAS BAS $aMONLET BAS $aMONOGR BAS $aLETTERE CAT $aGINO$b01$c19990608$lBAS01$h0926 CAT $aGINO$b01$c19990608$lBAS01$h1004 CAT $c20000913$lBAS01$h1423 CAT $c20000920$lBAS01$h1827 CAT $c20001010$lBAS01$h1630 CAT $c20050601$lBAS01$h1752 CAT $abatch$b01$c20050718$lBAS01$h1046 CAT $c20050718$lBAS01$h1106 CAT $c20050718$lBAS01$h1136 CAT $c20050718$lBAS01$h1150 FMT Z30 -1$lBAS01$LBAS01$mBOOK$1BASA1$APolo Storico-Umanistico$2FDEP$BFondo De Pilato$3FD/2181$62181$5D2181$819990608$f52$FRari